• 首页
  • 本馆介绍
  • 公告通知
  • 最新文献
  • 馆藏检索
  • 电子资源
  • 读者导购
  • 参考咨询
  • 我的图书馆
  • 登录
  • 详细信息显示
  • 放入我的书架
  • 预约/预借图书
  • 作者相关作品
  • 分类相关作品
  • 丛书相关作品
  • 出版社相关作品

书目信息

  • 表格格式
  • 工作单格式
  • 卡片格式
题名:
坚守
    
 
作者: 王跃斌 著
分册:  
出版信息: 哈尔滨   北方文艺出版社  2017.03
页数: 536页
开本: 21cm
丛书名:
单 册:
中图分类: K264.306
科图分类:
主题词:
电子资源:
ISBN: 978-7-5317-3487-1
000 00803nam0 2200217 450
001 2458845696
005 20240111162118.05
010    @a978-7-5317-3487-1@dCNY 69.80
100    @a20181129d2017 em y0chiy50 ea
101 0  @achi
102    @aCN@b230000
105    @aa z 000yy
200 1  @a坚守@Ajian shou@f王跃斌著
210    @a哈尔滨@c北方文艺出版社@d2017.03
215    @a536页@c图@d21cm
330    @a本书为纪念2015年世界反法西斯战争胜利70周年而出版。以著名抗日断头将军汪雅臣起兵抗日开始,沿着东北抗日联军成立发展的纵线,将抗联十个军的战斗历程串连起来,真实塑造出一批英勇先烈,翔实反映东北抗联同侵略者进行不屈不挠的斗争的史实。
601    @a翔实反映东北抗联同侵略?
690    @aK264.306@v5
701  0 @a王跃斌@Awang yue bin@f(1950~)@4著
801  0 @aCN@b91MARC@c20181129
905    @aBZT@dK264.306@e6
    
    坚守/王跃斌著.-哈尔滨:北方文艺出版社,2017.03
    536页:图;21cm
    
    
    ISBN 978-7-5317-3487-1:CNY 69.80
    本书为纪念2015年世界反法西斯战争胜利70周年而出版。以著名抗日断头将军汪雅臣起兵抗日开始,沿着东北抗日联军成立发展的纵线,将抗联十个军的战斗历程串连起来,真实塑造出一批英勇先烈,翔实反映东北抗联同侵略者进行不屈不挠的斗争的史实。
●
相关链接 在五车中查询图书 在当当中查询图书 在豆瓣中查询图书


正题名:坚守     索取号:K264.306/6         预约/预借

序号 登录号 条形码 馆藏地/架位号 状态 备注
1 2001736204   2001736204   辽三/辽宁北配(第三批)/4555/ [索取号:K264.306/6] 在馆    
2 2001736205   2001736205   辽三/辽宁北配(第三批)/4555/ [索取号:K264.306/6] 在馆    
3 2001736206   2001736206   辽三/辽宁北配(第三批)/4555/ [索取号:K264.306/6] 在馆    
4 2001736207   2001736207   辽三/辽宁北配(第三批)/4555/ [索取号:K264.306/6] 在馆    
5 2001736208   2001736208   辽三/辽宁北配(第三批)/4555/ [索取号:K264.306/6] 在馆    
6 2001736209   2001736209   辽三/辽宁北配(第三批)/4555/ [索取号:K264.306/6] 在馆    
山东省滨州职业学院图书馆 欢迎您!
大连网信软件有限公司© 版权所有